| 000 | 00382nam a2200145Ia 4500 | ||
|---|---|---|---|
| 008 | 230312s9999||||xx |||||||||||||| ||und|| | ||
| 020 | _a969-8460-18-1 | ||
| 082 |
_a720.19 _bASH-A |
||
| 100 | _aAshfaq;Rasheed | ||
| 245 | 0 | _aArt in Pakistan:Traditions and Trends | |
| 260 |
_bWriters Co-operative Society _aPakistan _c2010 |
||
| 300 | _a177 | ||
| 650 | _aArchitecture | ||
| 942 | _cBK | ||
| 999 |
_c11840 _d11840 |
||